|
|
|
|
| LEADER |
00642 a2200205 4500 |
| 005 |
20151026133244.0 |
| 008 |
140107b xxu||||| |||| 00| 0 eng d |
| 020 |
|
|
|a 9783642025242
|
| 080 |
|
|
|a 620.3(035)
|b BHU R
|
| 100 |
|
|
|a Bhushan, Bharat ed.,
|e ed.by
|
| 245 |
|
|
|a Springer handbook of nanotechnology
|
| 250 |
|
|
|a 3rd ed.
|
| 260 |
|
|
|b Springer
|c 2010
|a London
|
| 300 |
|
|
|a xlviii, 1961p.
|
| 653 |
|
|
|a Nanotechnology
|
| 653 |
|
|
|a Nanotribology
|
| 653 |
|
|
|a Nano mechanics
|
| 942 |
|
|
|c REF
|6 _
|
| 999 |
|
|
|c 66481
|d 66481
|
| 952 |
|
|
|0 0
|1 0
|2 udc
|4 0
|6 6203035_BHUR
|7 1
|9 78802
|a UL
|b UL
|c REF
|d 2013-04-09
|o 620.3(035) BHU R
|p 00070161
|r 2013-04-09
|w 2013-04-09
|y BK
|